| 000 | 00386 a2200109 4500 | ||
|---|---|---|---|
| 001 | ART_5553 | ||
| 005 | 20260410161827.0 | ||
| 008 | 260409a | ||
| 245 | 1 | 0 | _aAlgunos efectos de la tasa de interés sobre la economía argentina, junio 1977-agosto 1981 |
| 100 | 1 | _aCarlos, José Antonio | |
| 773 | 0 |
_tEstudios Económicos _g- Vol. 3, Nº 5/6 (ene./dic. 1984) _wREV5080 |
|
| 999 |
_c22908 _d22908 |
||